Statistics for Biggest Island by Country

Click here to take the quiz!

General Stats

  • This quiz has been taken 36 times
  • The average score is 10 of 20

Answer Stats

CountryIsland% Correct
ItalySicily
88%
CanadaBaffin Island
85%
JapanHonshu
82%
New ZealandSouth Island
82%
GreeceCrete
79%
FranceCorsica
76%
TanzaniaUnguja (Zanzibar)
68%
SpainMajorca
62%
United StatesHawaii (The Big Island)
56%
ChinaHainan
53%
PhilippinesLuzon
53%
DenmarkZealand
41%
ThailandPhuket
35%
RussiaSakhalin
35%
TunisiaDjerba
29%
NorwaySpitsbergen
26%
South KoreaJeju
24%
CroatiaKrk / Cres
21%
BrazilMarajó
21%
YemenSocotra
21%

Score Distribution

Percentile by Number Answered

Percent of People with Each Score

Your Score History

You have not taken this quiz